Catálogo
 En Linea

Juan Antonio Corretjer, poeta nacional puertorriqueño : (Registro nro. 6326)

Detalles MARC
000 -CABECERA
campo de control de longitud fija 00846cam a2200217 a 4500
001 - NÚMERO DE CONTROL
campo de control 000006535
005 - FECHA Y HORA DE LA ÚLTIMA TRANSACCIÓN
campo de control 20200929153940.0
008 - DATOS DE LONGITUD FIJA--INFORMACIÓN GENERAL
campo de control de longitud fija 860624s1984 pr a b 000 0 spa
020 ## - NÚMERO INTERNACIONAL ESTÁNDAR DEL LIBRO
Número Internacional Estándar del Libro 0865813736
035 ## - NÚMERO DE CONTROL DEL SISTEMA
Número de control de sistema (DLC) 86176138
040 ## - FUENTE DE LA CATALOGACIÓN
Centro catalogador/agencia de origen DO-SdBNP
Centro/agencia transcriptor DLC
Centro/agencia modificador DLC
-- BNPHU
082 ## - NÚMERO DE LA CLASIFICACIÓN DECIMAL DEWEY
Número de clasificación 928.61
Número de documento/Ítem C824M
049 ## - FONDOS LOCALES (OCLC)
Fondos de biblioteca BNGR
100 1# - ENTRADA PRINCIPAL--NOMBRE DE PERSONA
Nombre de persona Medina López, Ramón Felipe,
Fechas asociadas al nombre 1935-
9 (RLIN) 18149
245 10 - MENCIÓN DE TÍTULO
Título Juan Antonio Corretjer, poeta nacional puertorriqueño :
Resto del título cuarenta años de poesía, 1927-1967 /
Mención de responsabilidad, etc. Ramón Felipe Medina López.
260 ## - PUBLICACIÓN, DISTRIBUCIÓN, ETC.
Lugar de publicación, distribución, etc. San Juan, Puerto Rico :
Nombre del editor, distribuidor, etc. Instituto de Cultura Puertorriqueña,
Fecha de publicación, distribución, etc. 1984.
Lugar de fabricación/manufactura Santo Domingo
Fabricante Corripio
300 ## - DESCRIPCIÓN FÍSICA
Extensión 207, [205] p. :
Otras características físicas il. ;
Dimensiones 24 cm.
504 ## - NOTA DE BIBLIOGRAFÍA, ETC.
Nota de bibliografía, etc. Bibliografía: p. [173]-204.
600 10 - PUNTO DE ACCESO ADICIONAL DE MATERIA--NOMBRE DE PERSONA
Nombre de persona CORRETJER, JUAN ANTONIO,
Fechas asociadas al nombre 1908-1985
Subdivisión general CRÍTICA E INTERPRETACIÓN
9 (RLIN) 18150
910 ## - DATOS DE OPCIÓN DEL USUARIO (OCLC)
Datos de opción del usuario Catalogación por copia / LC
Existencias
Estado de retiro Estado de pérdida Restricciones de uso No para préstamo Código de colección Localización permanente Ubicación/localización actual Ubicación en estantería Fecha de adquisición Número de inventario Total de préstamos Signatura topográfica completa Código de barras Fecha visto por última vez Precio válido a partir de Tipo de ítem Koha
    Préstamo interno   Monografías: Libros y Folletos General General En catalogación 31.08.2009 LF1   928.61 C824M 6535-10 25.06.2020 25.06.2020 Préstamo interno

Con tecnología Koha